000
00302nam a22001337a 4500
020
_a
978-81-291-1849-3
082
_a
425
_b
O.BRI/P
100
_a
TERRY O'BRIEN
245
_a
LITTLE RED BOOK OF PREPOSITIONS
260
_a
MUMBAI
_b
RUPA
300
_a
189
650
_a
PREPOSITIONS
_z
NEW DELHI
942
_c
BK
999
_c
3856
_d
3856